000 00563nam a22001457a 4500
008 150114b xxu||||| |||| 00| 0 eng d
050 _aQ182.3.U74 1985
100 _aGooding, David (comp)
_913957
245 _aThe Uses of Experiment
_babstracts of papers prepared for the BSHS/BSA conference on experimentation in the Natural Science
_cDavid Gooding
260 _aBath
_bUniversity of Bath
_c1985
300 _a98p. ;
_c21cm.
650 _aScience
_xexperiments
_xphilosophy
_913719
650 _aScience
_xmethodology
_xcase studies
_913958
942 _2lcc
_cMONOGRAPH
999 _c121670
_d121670